[Event "DVM U14w 2020"]
[Site "Willingen GER"]
[Date "2021.06.24"]
[Round "2"]
[White "Muhina, Liana"]
[Black "Dixon Quiroz, Laura Michaela"]
[Result "0-1"]
[Termination "normal"]
[Board "4.3"]
[WhiteElo "1273"]
[BlackElo "1304"]
[WhiteClock "00:14:11"]
[BlackClock "00:40:10"]
[WhiteTeam "SC Garching 1980 e.V."]
[BlackTeam "VSG 1880 Offenbach"]
[PlyCount "132"]
[WhiteFideId "16266145"]
[BlackFideId "16248708"]
[EventCountry "GER"]
[EventRounds "7"]
[EventType "team-swiss"]
[EventDate "2021.06.23"]

1. e4 {[%clk 1:30:57]} 1... d5 {[%clk 1:30:53]} 2. exd5 {[%clk 1:31:11]} 2...
Qxd5 {[%clk 1:31:09]} 3. Nc3 {[%clk 1:31:22]} 3... Qd6 {[%clk 1:31:28]} 4. d4 {
[%clk 1:31:00]} 4... c6 {[%clk 1:31:49]} 5. Bc4 {[%clk 1:28:29]} 5... Nf6 {
[%clk 1:31:29]} 6. Nf3 {[%clk 1:24:39]} 6... Bg4 {[%clk 1:31:37]} 7. h3 { [%clk
1:24:23]} 7... Bh5 {[%clk 1:31:59]} 8. Be3 {[%clk 1:23:55]} 8... e6 { [%clk
1:29:48]} 9. O-O {[%clk 1:18:34]} 9... Nbd7 {[%clk 1:27:31]} 10. Be2 { [%clk
1:16:22]} 10... Qc7 {[%clk 1:25:49]} 11. Qd2 {[%clk 1:06:50]} 11... Bd6 { [%clk
1:22:43]} 12. Na4 {[%clk 1:04:50]} 12... Ne4 {[%clk 1:18:03]} 13. Qd3 { [%clk
1:03:48]} 13... Bg6 {[%clk 1:17:47]} 14. Qb3 {[%clk 0:59:00]} 14... O-O { [%clk
1:15:49]} 15. c4 {[%clk 0:55:32]} 15... c5 {[%clk 1:10:20]} 16. Rfd1 { [%clk
0:51:19]} 16... Ndf6 {[%clk 1:03:04]} 17. Qb5 {[%clk 0:45:11]} 17... Rac8
{[%clk 1:00:28]} 18. Rac1 {[%clk 0:42:06]} 18... Rfd8 {[%clk 0:58:23]} 19. dxc5
{[%clk 0:39:47]} 19... Be7 {[%clk 0:48:22]} 20. b3 {[%clk 0:36:42]} 20... Nd7 {
[%clk 0:42:06]} 21. b4 {[%clk 0:30:00]} 21... a6 {[%clk 0:39:19]} 22. Qa5 {
[%clk 0:29:05]} 22... Qxa5 {[%clk 0:39:35]} 23. bxa5 {[%clk 0:29:22]} 23...
Ndxc5 {[%clk 0:38:52]} 24. Nxc5 {[%clk 0:26:06]} 24... Nxc5 {[%clk 0:37:26]}
25. Rxd8+ {[%clk 0:24:54]} 25... Bxd8 {[%clk 0:35:45]} 26. Ne5 {[%clk 0:23:21]}
26... Bxa5 {[%clk 0:33:23]} 27. Nxg6 {[%clk 0:20:53]} 27... hxg6 { [%clk
0:33:49]} 28. Rb1 {[%clk 0:19:14]} 28... b6 {[%clk 0:32:35]} 29. Bxc5 { [%clk
0:14:20]} 29... Rxc5 {[%clk 0:31:40]} 30. Kf1 {[%clk 0:14:06]} 30... Kf8 {[%clk
0:31:54]} 31. f3 {[%clk 0:13:46]} 31... f5 {[%clk 0:31:20]} 32. Kf2 { [%clk
0:12:18]} 32... Ke7 {[%clk 0:30:34]} 33. Ke3 {[%clk 0:11:46]} 33... e5 { [%clk
0:29:35]} 34. Kd3 {[%clk 0:11:27]} 34... b5 {[%clk 0:27:43]} 35. cxb5 { [%clk
0:11:13]} 35... axb5 {[%clk 0:27:14]} 36. Rb2 {[%clk 0:08:03]} 36... Rd5+
{[%clk 0:26:13]} 37. Kc2 {[%clk 0:06:11]} 37... Rd2+ {[%clk 0:26:08]} 38. Kb3 {
[%clk 0:06:07]} 38... Rxb2+ {[%clk 0:26:10]} 39. Kxb2 {[%clk 0:06:29]} 39... b4
{[%clk 0:25:55]} 40. Kb3 {[%clk 0:06:34]} 40... f4 {[%clk 0:17:13]} 41. Ka4 {
[%clk 0:05:06]} 41... Bb6 {[%clk 0:15:09]} 42. Kxb4 {[%clk 0:04:56]} 42... g5 {
[%clk 0:14:43]} 43. Kb5 {[%clk 0:02:57]} 43... Bd4 {[%clk 0:15:04]} 44. a4 {
[%clk 0:01:32]} 44... Kf6 {[%clk 0:13:22]} 45. Bd3 {[%clk 0:00:41]} 45... g6 {
[%clk 0:13:37]} 46. a5 {[%clk 0:30:15]} 46... Kg7 {[%clk 0:43:54]} 47. a6 {
[%clk 0:30:31]} 47... Kh6 {[%clk 0:44:18]} 48. Kc6 {[%clk 0:29:47]} 48... Kh5 {
[%clk 0:44:29]} 49. Bf1 {[%clk 0:25:51]} 49... Kh4 {[%clk 0:44:40]} 50. Kb7 {
[%clk 0:25:44]} 50... Kg3 {[%clk 0:44:55]} 51. Bd3 {[%clk 0:23:13]} 51... Kxg2
{[%clk 0:44:48]} 52. Be4 {[%clk 0:23:24]} 52... Kxh3 {[%clk 0:44:28]} 53. a7 {
[%clk 0:23:40]} 53... Bxa7 {[%clk 0:44:43]} 54. Kxa7 {[%clk 0:24:05]} 54... Kg3
{[%clk 0:44:58]} 55. Kb6 {[%clk 0:22:47]} 55... g4 {[%clk 0:44:26]} 56. fxg4 {
[%clk 0:22:50]} 56... g5 {[%clk 0:43:41]} 57. Kc5 {[%clk 0:16:36]} 57... f3 {
[%clk 0:43:04]} 58. Kd5 {[%clk 0:15:19]} 58... f2 {[%clk 0:42:05]} 59. Bd3 {
[%clk 0:15:34]} 59... Kf4 {[%clk 0:42:07]} 60. Be2 {[%clk 0:15:01]} 60... Ke3 {
[%clk 0:39:50]} 61. Bf1 {[%clk 0:14:49]} 61... e4 {[%clk 0:39:05]} 62. Ke5 {
[%clk 0:13:53]} 62... Kf3 {[%clk 0:39:02]} 63. Kf5 {[%clk 0:14:08]} 63... e3 {
[%clk 0:39:15]} 64. Kxg5 {[%clk 0:13:35]} 64... e2 {[%clk 0:39:37]} 65. Bxe2+ {
[%clk 0:13:56]} 65... Kxe2 {[%clk 0:40:01]} 66. Kh4 {[%clk 0:14:11]} 66... f1=Q
{[%clk 0:40:10]} 0-1

[Event "DVM U14w 2020"]
[Site "Willingen GER"]
[Date "2021.06.24"]
[Round "2"]
[White "Jacobasch, Ronja"]
[Black "Reich, Elisabeth"]
[Result "0-1"]
[Termination "normal"]
[Board "5.1"]
[WhiteElo "1397"]
[BlackElo "1191"]
[WhiteClock "00:10:46"]
[BlackClock "01:02:13"]
[WhiteTeam "SSV Altenberg"]
[BlackTeam "ATSV Oberkotzau"]
[PlyCount "52"]
[WhiteFideId "34604340"]
[BlackFideId "16239776"]
[EventCountry "GER"]
[EventRounds "7"]
[EventType "team-swiss"]
[EventDate "2021.06.23"]

1. e4 {[%clk 1:30:54]} 1... c5 {[%clk 1:30:52]} 2. Nf3 {[%clk 1:31:13]} 2...
Nc6 {[%clk 1:31:15]} 3. d4 {[%clk 1:31:25]} 3... cxd4 {[%clk 1:31:40]} 4. Nxd4
{[%clk 1:31:50]} 4... Nf6 {[%clk 1:31:59]} 5. Nc3 {[%clk 1:31:49]} 5... e6 {
[%clk 1:32:11]} 6. Nf3 {[%clk 1:15:55]} 6... Bb4 {[%clk 1:30:29]} 7. Qd3 {
[%clk 1:11:05]} 7... d5 {[%clk 1:28:03]} 8. exd5 {[%clk 1:07:33]} 8... Nxd5 {
[%clk 1:24:27]} 9. Bd2 {[%clk 1:05:53]} 9... Bxc3 {[%clk 1:22:46]} 10. Bxc3 {
[%clk 1:05:07]} 10... Nxc3 {[%clk 1:22:24]} 11. Qxc3 {[%clk 1:04:35]} 11... O-O
{[%clk 1:22:19]} 12. Bd3 {[%clk 1:03:20]} 12... Qb6 {[%clk 1:20:33]} 13. O-O {
[%clk 1:00:09]} 13... Bd7 {[%clk 1:16:34]} 14. Rad1 {[%clk 0:56:45]} 14... Rfd8
{[%clk 1:15:08]} 15. Rd2 {[%clk 0:44:09]} 15... Rac8 {[%clk 1:10:56]} 16. Rfd1
{[%clk 0:40:21]} 16... Be8 {[%clk 1:07:26]} 17. Bc4 {[%clk 0:34:44]} 17... Rxd2
{[%clk 1:04:24]} 18. Nxd2 {[%clk 0:34:38]} 18... Na5 {[%clk 1:03:58]} 19. b4 {
[%clk 0:32:12]} 19... Nxc4 {[%clk 1:03:08]} 20. Nxc4 {[%clk 0:32:39]} 20... Qc7
{[%clk 1:03:03]} 21. Rd4 {[%clk 0:18:59]} 21... Bb5 {[%clk 1:02:45]} 22. h3 {
[%clk 0:15:59]} 22... Bxc4 {[%clk 1:02:29]} 23. g3 {[%clk 0:15:13]} 23... Bd5 {
[%clk 1:02:25]} 24. Qe3 {[%clk 0:12:18]} 24... Qxc2 {[%clk 1:01:56]} 25. Rd2 {
[%clk 0:11:10]} 25... Qc1+ {[%clk 1:02:13]} 26. Kh2 {[%clk 0:10:46]} 26... Qh1#
0-1

[Event "DVM U14w 2020"]
[Site "Willingen GER"]
[Date "2021.06.24"]
[Round "2"]
[White "Hergenröder, Cora"]
[Black "Glotz, Diana"]
[Result "1/2-1/2"]
[Termination "normal"]
[Board "5.2"]
[WhiteElo "1489"]
[BlackElo "1110"]
[WhiteClock "00:19:22"]
[BlackClock "00:39:26"]
[WhiteTeam "ATSV Oberkotzau"]
[BlackTeam "SSV Altenberg"]
[PlyCount "49"]
[WhiteFideId "34603700"]
[BlackFideId "16278500"]
[EventCountry "GER"]
[EventRounds "7"]
[EventType "team-swiss"]
[EventDate "2021.06.23"]

1. d4 {[%clk 1:30:57]} 1... d5 {[%clk 1:30:36]} 2. Nf3 {[%clk 1:30:54]} 2...
Nf6 {[%clk 1:29:07]} 3. c4 {[%clk 1:31:02]} 3... c6 {[%clk 1:29:21]} 4. Nc3 {
[%clk 1:31:08]} 4... Bg4 {[%clk 1:27:40]} 5. h3 {[%clk 1:28:17]} 5... Bh5 {
[%clk 1:25:49]} 6. Bf4 {[%clk 1:28:34]} 6... Nbd7 {[%clk 1:21:11]} 7. cxd5 {
[%clk 1:25:55]} 7... cxd5 {[%clk 1:21:10]} 8. e3 {[%clk 1:13:27]} 8... e6 {
[%clk 1:19:34]} 9. a3 {[%clk 1:11:25]} 9... Be7 {[%clk 1:19:40]} 10. Bd3 {
[%clk 1:05:21]} 10... O-O {[%clk 1:19:48]} 11. Qc2 {[%clk 1:03:34]} 11... Rc8 {
[%clk 1:17:26]} 12. Rc1 {[%clk 0:57:01]} 12... a6 {[%clk 1:15:48]} 13. Qb1 {
[%clk 0:53:03]} 13... Nb6 {[%clk 1:11:59]} 14. Be5 {[%clk 0:49:10]} 14... Bg6 {
[%clk 1:09:30]} 15. Bxg6 {[%clk 0:49:08]} 15... fxg6 {[%clk 1:09:43]} 16. O-O {
[%clk 0:47:30]} 16... Nfd7 {[%clk 1:01:04]} 17. Bg3 {[%clk 0:43:15]} 17... Nc4
{[%clk 1:00:55]} 18. Rfd1 {[%clk 0:42:22]} 18... Bd6 {[%clk 0:56:14]} 19. Bxd6
{[%clk 0:38:13]} 19... Nxd6 {[%clk 0:55:31]} 20. Na4 {[%clk 0:29:56]} 20... Qe7
{[%clk 0:51:21]} 21. Rxc8 {[%clk 0:26:55]} 21... Rxc8 {[%clk 0:51:42]} 22. Rc1
{[%clk 0:25:30]} 22... b5 {[%clk 0:50:09]} 23. Rxc8+ {[%clk 0:25:20]} 23...
Nxc8 {[%clk 0:50:29]} 24. Qc2 {[%clk 0:21:01]} 24... Qe8 {[%clk 0:39:26]} 25.
Nc5 {[%clk 0:19:22]} 1/2-1/2

[Event "DVM U14w 2020"]
[Site "Willingen GER"]
[Date "2021.06.24"]
[Round "2"]
[White "Müller, Cosima"]
[Black "Leuchsenring, Delia"]
[Result "1-0"]
[Termination "normal"]
[Board "5.3"]
[WhiteElo "1505"]
[BlackElo "1051"]
[WhiteClock "01:11:22"]
[BlackClock "00:48:44"]
[WhiteTeam "SSV Altenberg"]
[BlackTeam "ATSV Oberkotzau"]
[PlyCount "127"]
[WhiteFideId "34601490"]
[BlackFideId "34605304"]
[EventCountry "GER"]
[EventRounds "7"]
[EventType "team-swiss"]
[EventDate "2021.06.23"]

1. e4 {[%clk 1:30:58]} 1... e5 {[%clk 1:30:52]} 2. Nf3 {[%clk 1:31:23]} 2...
Nf6 {[%clk 1:30:57]} 3. Nxe5 {[%clk 1:31:43]} 3... d6 {[%clk 1:31:07]} 4. Nf3 {
[%clk 1:32:05]} 4... Nxe4 {[%clk 1:31:26]} 5. d4 {[%clk 1:31:59]} 5... d5 {
[%clk 1:30:37]} 6. Bd3 {[%clk 1:31:47]} 6... Bf5 {[%clk 1:30:11]} 7. O-O {
[%clk 1:31:09]} 7... Bd6 {[%clk 1:26:09]} 8. Nc3 {[%clk 1:27:50]} 8... O-O {
[%clk 1:25:14]} 9. Nxd5 {[%clk 1:27:32]} 9... Bxh2+ {[%clk 1:23:26]} 10. Nxh2 {
[%clk 1:26:54]} 10... Qxd5 {[%clk 1:23:07]} 11. Qf3 {[%clk 1:25:41]} 11... Nc6
{[%clk 1:20:53]} 12. c3 {[%clk 1:24:48]} 12... Rfe8 {[%clk 1:19:50]} 13. Bf4 {
[%clk 1:23:44]} 13... Qd7 {[%clk 1:18:30]} 14. Rfe1 {[%clk 1:22:33]} 14... Nd6
{[%clk 1:14:45]} 15. Bxd6 {[%clk 1:21:35]} 15... Bxd3 {[%clk 1:14:46]} 16. Bxc7
{[%clk 1:21:09]} 16... Bg6 {[%clk 1:12:54]} 17. Bg3 {[%clk 1:20:26]} 17... Re7
{[%clk 1:10:46]} 18. Ng4 {[%clk 1:16:50]} 18... Bh5 {[%clk 1:10:26]} 19. Nf6+ {
[%clk 1:15:31]} 19... gxf6 {[%clk 1:09:15]} 20. Qxh5 {[%clk 1:15:49]} 20...
Rae8 {[%clk 1:07:48]} 21. Rxe7 {[%clk 1:15:45]} 21... Rxe7 {[%clk 1:07:48]} 22.
b4 {[%clk 1:11:49]} 22... Qe8 {[%clk 1:06:30]} 23. Qg4+ {[%clk 1:11:13]} 23...
Kf8 {[%clk 1:06:24]} 24. Bd6 {[%clk 1:11:33]} 24... a5 {[%clk 1:03:44]} 25.
Bxe7+ {[%clk 1:11:56]} 25... Qxe7 {[%clk 1:03:40]} 26. Qc8+ {[%clk 1:12:05]}
26... Kg7 {[%clk 1:03:39]} 27. bxa5 {[%clk 1:11:10]} 27... Nxa5 {[%clk 1:03:31]
} 28. Qc5 {[%clk 1:10:24]} 28... Qd8 {[%clk 1:02:55]} 29. d5 {[%clk 1:10:08]}
29... b6 {[%clk 1:01:10]} 30. Qd4 {[%clk 1:09:59]} 30... Qd6 {[%clk 1:00:34]}
31. Rd1 {[%clk 1:09:52]} 31... Nb7 {[%clk 0:56:07]} 32. Qg4+ {[%clk 1:09:44]}
32... Kf8 {[%clk 0:55:59]} 33. Qg3 {[%clk 1:09:14]} 33... Qxg3 {[%clk 0:55:13]}
34. fxg3 {[%clk 1:09:39]} 34... Ke7 {[%clk 0:55:17]} 35. Kf2 {[%clk 1:09:50]}
35... Nd6 {[%clk 0:55:03]} 36. Ke3 {[%clk 1:09:07]} 36... Nf5+ {[%clk 0:54:54]}
37. Kf4 {[%clk 1:09:24]} 37... Nd6 {[%clk 0:55:05]} 38. a4 {[%clk 1:09:34]}
38... h5 {[%clk 0:54:32]} 39. g4 {[%clk 1:09:48]} 39... hxg4 {[%clk 0:53:05]}
40. Kxg4 {[%clk 1:10:12]} 40... Ne4 {[%clk 0:53:03]} 41. Kf5 {[%clk 1:09:41]}
41... Nxc3 {[%clk 0:53:06]} 42. d6+ {[%clk 1:09:49]} 42... Kd7 {[%clk 0:52:56]}
43. Rd4 {[%clk 1:09:57]} 43... Ne2 {[%clk 0:51:45]} 44. Rb4 {[%clk 1:08:35]}
44... Kc6 {[%clk 0:50:33]} 45. Kxf6 {[%clk 1:08:44]} 45... Nc3 {[%clk 0:49:45]}
46. Kxf7 {[%clk 1:08:38]} 46... Nd5 {[%clk 0:46:30]} 47. Rd4 {[%clk 1:08:20]}
47... Kxd6 {[%clk 0:46:29]} 48. g4 {[%clk 1:08:01]} 48... Ke5 {[%clk 0:46:31]}
49. Rxd5+ {[%clk 1:08:18]} 49... Kxd5 {[%clk 0:46:34]} 50. g5 {[%clk 1:08:43]}
50... Kc5 {[%clk 0:46:49]} 51. g6 {[%clk 1:08:58]} 51... Kb4 {[%clk 0:47:13]}
52. g7 {[%clk 1:09:20]} 52... Kxa4 {[%clk 0:46:26]} 53. g8=Q {[%clk 1:09:43]}
53... b5 {[%clk 0:46:37]} 54. Qg7 {[%clk 1:09:49]} 54... b4 {[%clk 0:46:50]}
55. Qb2 {[%clk 1:10:09]} 55... Kb5 {[%clk 0:47:07]} 56. Ke6 {[%clk 1:10:34]}
56... Kc5 {[%clk 0:47:17]} 57. Ke5 {[%clk 1:10:51]} 57... Kc4 {[%clk 0:47:36]}
58. Kd6 {[%clk 1:10:31]} 58... Kb5 {[%clk 0:47:47]} 59. Kd5 {[%clk 1:10:51]}
59... Ka4 {[%clk 0:47:37]} 60. Kc4 {[%clk 1:10:56]} 60... Ka5 {[%clk 0:47:50]}
61. Qxb4+ {[%clk 1:10:39]} 61... Ka6 {[%clk 0:48:20]} 62. Kc5 {[%clk 1:11:01]}
62... Ka7 {[%clk 0:48:36]} 63. Kc6 {[%clk 1:11:22]} 63... Ka8 {[%clk 0:48:44]}
64. Qb7# 1-0

[Event "DVM U14w 2020"]
[Site "Willingen GER"]
[Date "2021.06.24"]
[Round "2"]
[White "Roncea, Andrea-Alexandra"]
[Black "Nguyen, Jenny Ha-Linh"]
[Result "1-0"]
[Termination "normal"]
[Board "6.1"]
[WhiteElo "1619"]
[BlackElo "1368"]
[WhiteClock "00:02:42"]
[BlackClock "00:11:57"]
[WhiteTeam "SC Papenburg"]
[BlackTeam "Schachgemeinschaft Leipzig"]
[PlyCount "119"]
[WhiteFideId "16233115"]
[BlackFideId "16209729"]
[EventCountry "GER"]
[EventRounds "7"]
[EventType "team-swiss"]
[EventDate "2021.06.23"]

1. e4 {[%clk 1:30:58]} 1... e6 {[%clk 1:30:55]} 2. d4 {[%clk 1:31:20]} 2... d5
{[%clk 1:31:20]} 3. e5 {[%clk 1:31:46]} 3... c5 {[%clk 1:31:45]} 4. c3 { [%clk
1:32:12]} 4... Nc6 {[%clk 1:32:05]} 5. Nf3 {[%clk 1:32:36]} 5... Qb6 { [%clk
1:32:11]} 6. a3 {[%clk 1:32:51]} 6... cxd4 {[%clk 1:31:45]} 7. cxd4 { [%clk
1:33:12]} 7... f6 {[%clk 1:30:53]} 8. exf6 {[%clk 1:29:55]} 8... Nxf6 { [%clk
1:31:14]} 9. b4 {[%clk 1:28:42]} 9... Bd6 {[%clk 1:31:04]} 10. Bd3 { [%clk
1:27:31]} 10... Bd7 {[%clk 1:29:24]} 11. O-O {[%clk 1:27:05]} 11... O-O { [%clk
1:29:26]} 12. Nc3 {[%clk 1:25:57]} 12... a6 {[%clk 1:28:10]} 13. Be3 { [%clk
1:23:05]} 13... Rac8 {[%clk 1:26:07]} 14. Rc1 {[%clk 1:18:20]} 14... Qc7 {[%clk
1:21:08]} 15. Re1 {[%clk 1:14:53]} 15... Ng4 {[%clk 1:13:43]} 16. h3 { [%clk
1:11:28]} 16... Nf6 {[%clk 1:13:33]} 17. Bb1 {[%clk 1:05:17]} 17... h6 { [%clk
1:01:03]} 18. Qd3 {[%clk 0:59:24]} 18... Be8 {[%clk 0:59:43]} 19. Bd2 { [%clk
0:50:21]} 19... Qd7 {[%clk 0:57:10]} 20. Ne5 {[%clk 0:46:40]} 20... Qe7 { [%clk
0:54:19]} 21. Nxd5 {[%clk 0:36:39]} 21... exd5 {[%clk 0:50:02]} 22. Nxc6 {[%clk
0:36:15]} 22... Qd7 {[%clk 0:46:09]} 23. Ne5 {[%clk 0:35:43]} 23... Qd8 {[%clk
0:44:24]} 24. Rxc8 {[%clk 0:34:09]} 24... Qxc8 {[%clk 0:44:46]} 25. Re3 {[%clk
0:31:20]} 25... Qc7 {[%clk 0:42:00]} 26. Rg3 {[%clk 0:28:47]} 26... Bxe5 {[%clk
0:40:24]} 27. dxe5 {[%clk 0:29:08]} 27... Qxe5 28. Bxh6 {[%clk 0:27:25]} 28...
Rf7 {[%clk 0:39:40]} 29. Bg5 {[%clk 0:21:17]} 29... Ne4 {[%clk 0:38:33]} 30.
Qe3 {[%clk 0:13:39]} 30... Qa1 {[%clk 0:34:55]} 31. Qc1 {[%clk 0:12:34]} 31...
Nxg3 {[%clk 0:33:33]} 32. Bh7+ {[%clk 0:12:36]} 32... Kxh7 { [%clk 0:33:47]}
33. Qxa1 {[%clk 0:12:52]} 33... Ne4 {[%clk 0:33:55]} 34. Be3 { [%clk 0:13:04]}
34... Bc6 {[%clk 0:33:02]} 35. Qe5 {[%clk 0:10:13]} 35... Kg8 { [%clk 0:30:49]}
36. a4 {[%clk 0:08:19]} 36... Nf6 {[%clk 0:30:15]} 37. Bg5 { [%clk 0:06:15]}
37... Ne4 {[%clk 0:27:17]} 38. Bh4 {[%clk 0:05:17]} 38... Kh7 { [%clk 0:23:27]}
39. b5 {[%clk 0:04:56]} 39... axb5 {[%clk 0:20:47]} 40. axb5 { [%clk 0:05:16]}
40... Bxb5 {[%clk 0:15:40]} 41. Qxd5 {[%clk 0:04:54]} 41... Rf4 {[%clk
0:15:43]} 42. Qxb5 {[%clk 0:04:00]} 42... Rxh4 {[%clk 0:16:00]} 43. g3 { [%clk
0:04:02]} 43... Rh6 {[%clk 0:14:44]} 44. Qf5+ {[%clk 0:04:15]} 44... Kh8 {[%clk
0:14:30]} 45. Qxe4 {[%clk 0:04:24]} 45... Rxh3 {[%clk 0:14:44]} 46. Qxb7 {[%clk
0:04:45]} 46... Rh6 {[%clk 0:14:44]} 47. Kg2 {[%clk 0:04:57]} 47... Rf6 {[%clk
0:14:26]} 48. f4 {[%clk 0:04:54]} 48... Kh7 {[%clk 0:14:05]} 49. Kf3 { [%clk
0:04:57]} 49... Kg8 {[%clk 0:13:02]} 50. g4 {[%clk 0:02:13]} 50... Kf8 { [%clk
0:11:36]} 51. f5 {[%clk 0:02:13]} 51... Rf7 {[%clk 0:11:04]} 52. Qc8+ { [%clk
0:02:13]} 52... Ke7 {[%clk 0:11:22]} 53. Qc7+ {[%clk 0:02:27]} 53... Ke8 {[%clk
0:11:37]} 54. Qc6+ {[%clk 0:02:24]} 54... Kd8 {[%clk 0:11:31]} 55. Kf4 { [%clk
0:02:41]} 55... Rf6 {[%clk 0:11:25]} 56. Qd5+ {[%clk 0:02:55]} 56... Ke7 {[%clk
0:11:40]} 57. g5 {[%clk 0:03:01]} 57... Rf8 {[%clk 0:11:46]} 58. Qe6+ { [%clk
0:02:16]} 58... Kd8 {[%clk 0:11:58]} 59. Qg6 {[%clk 0:02:30]} 59... Rg8 { [%clk
0:11:57]} 60. Qf7 {[%clk 0:02:42]} 1-0

[Event "DVM U14w 2020"]
[Site "Willingen GER"]
[Date "2021.06.24"]
[Round "2"]
[White "Halas, Neele Zoe"]
[Black "Zöllner, Bente"]
[Result "0-1"]
[Termination "normal"]
[Board "6.2"]
[WhiteElo "1267"]
[BlackElo "1614"]
[WhiteClock "00:58:36"]
[BlackClock "00:54:42"]
[WhiteTeam "Schachgemeinschaft Leipzig"]
[BlackTeam "SC Papenburg"]
[PlyCount "50"]
[WhiteFideId "16287282"]
[BlackFideId "16230523"]
[EventCountry "GER"]
[EventRounds "7"]
[EventType "team-swiss"]
[EventDate "2021.06.23"]

1. e4 {[%clk 1:30:54]} 1... c5 {[%clk 1:30:52]} 2. Nc3 {[%clk 1:30:43]} 2...
Nc6 {[%clk 1:30:57]} 3. Bb5 {[%clk 1:30:55]} 3... Nf6 {[%clk 1:30:45]} 4. Bxc6
{[%clk 1:31:00]} 4... bxc6 {[%clk 1:30:34]} 5. f4 {[%clk 1:30:40]} 5... g6 {
[%clk 1:30:00]} 6. Nf3 {[%clk 1:30:36]} 6... Bg7 {[%clk 1:29:21]} 7. d3 { [%clk
1:30:17]} 7... d6 {[%clk 1:29:04]} 8. O-O {[%clk 1:28:22]} 8... Rb8 { [%clk
1:29:09]} 9. Rb1 {[%clk 1:26:37]} 9... O-O {[%clk 1:25:47]} 10. h3 { [%clk
1:25:26]} 10... d5 {[%clk 1:24:38]} 11. Re1 {[%clk 1:17:59]} 11... Ba6 { [%clk
1:20:23]} 12. e5 {[%clk 1:12:12]} 12... Nd7 {[%clk 1:19:05]} 13. d4 { [%clk
1:06:48]} 13... cxd4 {[%clk 1:17:20]} 14. Nxd4 {[%clk 1:06:59]} 14... Qc8
{[%clk 1:14:27]} 15. Kh1 {[%clk 1:07:05]} 15... Rd8 {[%clk 1:06:24]} 16. b3 {
[%clk 1:04:16]} 16... c5 {[%clk 1:03:47]} 17. Nf3 {[%clk 1:02:57]} 17... Nb6 {
[%clk 1:03:02]} 18. Ne2 {[%clk 1:01:03]} 18... Bh6 {[%clk 1:00:22]} 19. g3 {
[%clk 0:59:47]} 19... Qxh3+ {[%clk 0:59:16]} 20. Nh2 {[%clk 1:00:08]} 20... d4
{[%clk 0:58:08]} 21. Ng1 {[%clk 0:58:08]} 21... Bb7+ {[%clk 0:57:46]} 22. Ngf3
{[%clk 0:58:20]} 22... Nd5 {[%clk 0:56:58]} 23. Bd2 {[%clk 0:57:57]} 23... Nc3
{[%clk 0:54:29]} 24. Bxc3 {[%clk 0:58:13]} 24... dxc3 {[%clk 0:54:38]} 25. Qe2
{[%clk 0:58:36]} 25... Rd2 {[%clk 0:54:42]} 0-1

[Event "DVM U14w 2020"]
[Site "Willingen GER"]
[Date "2021.06.24"]
[Round "2"]
[White "Kube, Maja"]
[Black "Bacakova, Klara"]
[Result "1-0"]
[Termination "normal"]
[Board "6.3"]
[WhiteElo "979"]
[BlackElo "1173"]
[WhiteClock "01:15:02"]
[BlackClock "01:26:42"]
[WhiteTeam "SC Papenburg"]
[BlackTeam "Schachgemeinschaft Leipzig"]
[PlyCount "38"]
[WhiteFideId "16298268"]
[BlackFideId "34605762"]
[EventCountry "GER"]
[EventRounds "7"]
[EventType "team-swiss"]
[EventDate "2021.06.23"]

1. e4 {[%clk 1:30:58]} 1... c5 {[%clk 1:30:54]} 2. c3 {[%clk 1:30:15]} 2... e6
{[%clk 1:31:00]} 3. d4 {[%clk 1:29:54]} 3... cxd4 {[%clk 1:31:18]} 4. cxd4 {
[%clk 1:29:41]} 4... a6 {[%clk 1:31:21]} 5. Nf3 {[%clk 1:29:03]} 5... Nc6 {
[%clk 1:31:07]} 6. Be3 {[%clk 1:27:37]} 6... Be7 {[%clk 1:30:53]} 7. Nc3 {
[%clk 1:26:23]} 7... d6 {[%clk 1:30:18]} 8. Bc4 {[%clk 1:25:22]} 8... b5 {
[%clk 1:30:20]} 9. Bb3 {[%clk 1:24:18]} 9... Nf6 {[%clk 1:30:38]} 10. d5 {
[%clk 1:23:13]} 10... O-O {[%clk 1:30:17]} 11. dxc6 {[%clk 1:22:09]} 11... Qc7
{[%clk 1:28:50]} 12. Rc1 12... e5 {[%clk 1:27:23]} 13. O-O {[%clk 1:19:34]}
13... Bg4 {[%clk 1:27:27]} 14. Nd5 {[%clk 1:18:12]} 14... Qc8 {[%clk 1:26:29]}
15. Nxe7+ {[%clk 1:17:55]} 15... Kh8 {[%clk 1:26:26]} 16. Nxc8 {[%clk 1:18:10]}
16... Raxc8 {[%clk 1:26:42]} 17. Qxd6 {[%clk 1:15:02]} 17... Bxf3 18. gxf3 Rcd8
19. Qxe5 Rfe8 1-0